000 01262naa a22003137a 4500
001 BR8204855
003 BR-BrBNA
005 20250721143210.0
007 ta
008 250630b bl.|||m| |||| 00| 0 por d
040 _aBR-BrBNA
_bpor
_cBiblioteca Nacional de Agricultura
041 _a(Pt)
072 _aF23
_b/G514
090 _aF23 BR8204855
100 1 _aAlvarenga, S.M.
100 1 _aBrasil, A.E.
100 1 _aDel'Arco, D.M.
245 1 _aFolha SF. 21 Campo Grande: 2 - Geomorfologia [solo, recurso natural, Mato Grosso do Sul, Brasil]
500 _aFolha SF. 21 Campo Grande. Geologia, geomorfologia, pedologia, vegetacao e uso potencial da terra Rio de Janeiro, RJ (Brasil): 1982. p. 125-184 [36 illus.; Summaries (En, Pt); Bibliography p. 170-172 (87 ref.)] (BR8204855-AMS)
773 0 _tFolha SF. 21 Campo Grande. Geologia, geomorfologia, pedologia, vegetacao e uso potencial da terra
_wF23 BR8204855
_gRio de Janeiro, RJ (Brasil), 1982. p. 125-184
650 _aGEOMORFOLOGIA
650 _aMAPA
650 _aRELEVO
650 _aCAMPO GRANDE
650 _aMATO GROSSO DO SUL
490 _aLevantamento de Recursos Naturais - Projeto RADAMBRASIL (Brazil)
_vv. 28
942 _cAMS
_2AGRIS
909 _a202506
_bLúcia
_c55
_dLúcia Elande
999 _c334296
_d334296